000 00291nam a22001217a 4500
008 190129b xxu||||| |||| 00| 0 eng d
041 _aeng
080 _a521
100 _a42
101 _aAST
245 _aNational Geographic Picture Atlas of our Universe
_cGallant, R.A
942 _2udc
_cBK
999 _c53893
_d53893